000 01100cam a2200277 a 4500
001 1551634
003 OSt
005 20180117085947.0
008 910815s1990 nyu b 000 0 eng
010 _a 91183524
020 _a0745008453
040 _aDLC
_cDLC
_dDLC
043 _aa------
_aas-----
050 0 0 _aDS341
_b.P68 1990
245 0 4 _aThe post-colonial state in Asia :
_bdialectics of politics and culture /
_cedited by Subrata Kumar Mitra.
260 _aNew York :
_bHarvester Wheatsheaf,
_c1990.
300 _axi, 257 p. ;
_c23 cm.
504 _aIncludes bibliographical references and index.
651 0 _aSouth Asia
_xPolitics and government.
651 0 _aSoutheast Asia
_xPolitics and government
_y1945-
700 1 _aMitra, Subrata Kumar,
_d1949-
906 _a7
_bcbc
_corignew
_d2
_encip
_f19
_gy-gencatlg
942 _2ddc
_cBK
999 _c2707
_d2707